000
00206nam a22000857a 4500
008
160819b xxu||||| |||| 00| 0 eng d
100
_9
182
_a
Singh L
245
_a
Mathematics-8
260
_a
New Delhi
_b
Dhanpat
_c
2012
999
_c
2840
_d
2840